00583nam a2200217 a 4500001001000000003000900010005001700019007001000036008002700046020001800073040002500091082003000116100003500146245005000181250000600231260004600237300002100283650001900304650002300323650001900346000000369DO-SdBPM20250402111911.0000000369081112s2011 ck 000 f spa d a9789561313330 aDO-SdBPMbspacBPMSU 4aCh863.6 bR788f 20112221 a Rosasco, José Luis, d1935-10aFrancisca, yo te amo / cJosé Luis Rosasco. a  aChile :bEditorial Andrés Bello, c2011 a118 p. ;c23 cm. 4aNovela chilena 4aLiteratura chilena 4aNovela amorosa